Cources of studies : IT aplications (Record no. 4170)
[ view plain ]
| 000 -LEADER | |
|---|---|
| fixed length control field | 00226nam a22000857a 4500 |
| 008 - FIXED-LENGTH DATA ELEMENTS--GENERAL INFORMATION | |
| fixed length control field | 161125b xxu||||| |||| 00| 0 eng d |
| 100 ## - MAIN ENTRY--PERSONAL NAME | |
| 9 (RLIN) | 1446 |
| Personal name | Gupta. H. R |
| 245 ## - TITLE STATEMENT | |
| Title | Cources of studies : IT aplications |
| 260 ## - PUBLICATION, DISTRIBUTION, ETC. (IMPRINT) | |
| Place of publication, distribution, etc. | Delhi |
| Name of publisher, distributor, etc. | CBSE |
| Date of publication, distribution, etc. | 1999 |
| Withdrawn status | Lost status | Source of classification or shelving scheme | Damaged status | Koha normalized classification for sorting | Not for loan | Home library | Current library | Shelving location | Date acquired | Total Checkouts | Full call number | Barcode | Date last seen | Price effective from | Koha item type |
|---|---|---|---|---|---|---|---|---|---|---|---|---|---|---|---|
| Dewey Decimal Classification | 003_540000000000000 | Good Samaritan School Library | Good Samaritan School Library | Computer Science | 11/25/2016 | 003.54 | GUP4865 | 11/25/2016 | 11/25/2016 | BOOK | |||||
| Dewey Decimal Classification | 003_540000000000000 | Good Samaritan School Library | Good Samaritan School Library | Computer Science | 11/25/2016 | 003.54 | GUP4866 | 11/25/2016 | 11/25/2016 | BOOK | |||||
| Dewey Decimal Classification | 003_540000000000000 | Good Samaritan School Library | Good Samaritan School Library | Computer Science | 11/25/2016 | 003.54 | GUP4867 | 11/25/2016 | 11/25/2016 | BOOK |